Opportunities for Small and Medium Sized Enterprises in the Field of Corporate Social Responsibility
Predstavenie nového programu spoločenskej zodpovednosti podniku (SZP), ktorý ponúka hlbší pohľad na súčasné trendy a smery v oblasti SZP a vedie k hodnotovo orientovanej sociálnej zodpovednosti podnikov. Príležitosť v oblasti trhu práce, najmä pre mileniálov v rámci programov.
Gespeichert in:
| 1. Verfasser: | |
|---|---|
| Format: | Buchkapitel |
| Sprache: | Englisch |
| Schlagworte: | |
| Tags: |
Keine Tags, Fügen Sie das erste Tag hinzu!
|
MARC
| LEADER | 00000naa a2200000 4500 | ||
|---|---|---|---|
| 001 | 0257459 | ||
| 005 | 20190809111108.1 | ||
| 041 | 0 | |a eng | |
| 044 | |a SK | ||
| 245 | 1 | 0 | |a Opportunities for Small and Medium Sized Enterprises in the Field of Corporate Social Responsibility |c Regina Zsuzsanna Reicher |
| 520 | |a Predstavenie nového programu spoločenskej zodpovednosti podniku (SZP), ktorý ponúka hlbší pohľad na súčasné trendy a smery v oblasti SZP a vedie k hodnotovo orientovanej sociálnej zodpovednosti podnikov. Príležitosť v oblasti trhu práce, najmä pre mileniálov v rámci programov. | ||
| 610 | 2 | 0 | |a podnik malý |
| 610 | 2 | 0 | |a podnik stredný |
| 610 | 2 | 0 | |a zodpovednosť podniku spoločenská |
| 610 | 2 | 0 | |a generácie |
| 610 | 2 | 0 | |a trh práce |
| 610 | 2 | 0 | |a zdroje ľudské |
| 100 | 1 | |a Reicher, Regina Zsuzsanna | |